000 00546pab a2200193 454500
008 180718b2006 xxu||||| |||| 00| 0 eng d
100 _aBabel, Mukand Singh
245 _aPolicy measures and options for improved groundwater resource management Bangkok, Thailand
260 _c2006
300 _ap.108-29.
362 _aSpring
650 _aGroundwater - Thailand
650 _aGroundwater
700 _aDomingo, Nina Donna Sto
700 _aDas Gupta, Ashim
773 _aRegional Development Dialogue
908 _aN
909 _a72899
999 _c72899
_d72899